000 00818nam a22003137a 4500
001 BR9903725
003 BR-BrBNA
005 20230928100415.0
007 ta
008 230509b bl.||||| |||| 00| 0 por d
040 _aBR-BrBNA
_bpor
_cBiblioteca Nacional de Agricultura
041 _a(Por)
072 _aL01
_b7100
_b9340
090 _ 7100 BR9903725
100 1 _aBarancelli, C.D.
110 1 _aEmpresa Paranaense de Assistencia Tecnica e Extensao Rural, Curitiba, PR (Brasil)
245 1 _aCrie abelhas e facil e da lucro
250 1 _a2. ed.
260 3 _aCuritiba, PR (Brasil):
_c[nd].
300 _a52 p.
500 _a9 ref.
650 _aAbelha
650 _aMel
650 _aApicultura
650 _aCriacao
650 _aParana
909 _a202309
_bLucia
_c55
_dLucia Elande
942 _cBK
999 _c61216
_d61216